000 00817cam a2200241 a 4500
001 000004695
003 DO-SdBNP
005 20211112141813.0
008 821129s1982 sp 001 p spa
020 _a8435902803
040 _aDO-SdBNP
_cDLC
_dDLC
082 4 _a861.44
_bC514p, 1982.
_222
100 1 _aCheca Cremades, Jorge.
_913673
245 1 3 _aLa poesía en los siglos de oro :
_bRenacimiento /
_cJorge Checa Cremades.
250 _a2a ed.
260 _aMadrid :
_bPlayor,
_c1982.
300 _a103 p. ;
_c21 cm.
440 0 _aLectura crítica de la literatura española ;
_v5
_913674
650 4 _aPoesía española
_xCrítica e interpretación
_ySiglo XX
_913675
650 4 _aLiteratura española
_xCrítica e interpretación
_ySiglo XX
_913676
910 _aCatalogación por copia / LC
942 _2ddc
_cLBS1
999 _c4501
_d4501